Beyond jomtien : implementing primary education for all

Αποθηκεύτηκε σε:
Λεπτομέρειες βιβλιογραφικής εγγραφής
Άλλοι συγγραφείς: Little, Angela (Επιμελητής έκδοσης), Hoppers, Wim H. M. L. (Επιμελητής έκδοσης), Gardner, Roy (Επιμελητής έκδοσης)
Μορφή: Βιβλίο
Γλώσσα:English
Δημοσίευση: London ; : Basingstoke : Macmillan, 1994
Θέματα:
Ετικέτες: Προσθήκη ετικέτας
Δεν υπάρχουν, Καταχωρήστε ετικέτα πρώτοι!

MARC

LEADER 00000nam a2200000 i 4500
001 1/95546
008 991207s1994 eng d
020 |a 0-333-59441-X 
035 |l 10055362 
040 |a GR-MY-UA  |b gre  |e aacr 
041 0 |a eng 
245 1 0 |a Beyond jomtien :  |b implementing primary education for all /  |c edited by Angela Little, Wim Hoppers, Roy Gardner 
260 |a London ; :   |a Basingstoke :   |b Macmillan,   |c 1994 
300 |a 262 p.  |b ill. 
650 0 0 |a Education, Primary  |z Developing countries. 
650 0 0 |a Education, Primary  |x Case studies. 
650 0 0 |a Primary schools. 
650 0 0 |a Comparative education. 
700 1 |a Little, Angela.  |4 edt 
700 1 |a Hoppers, Wim H. M. L.  |4 edt 
700 1 |a Gardner, Roy.  |4 edt 
852 |a INST  |b RHODES  |e 19991207  |h 372 BEY  |p 005400012680  |q 005400012680  |t BK  |y 0 
901 |a BIBL4-1999-3 
909 |a Ρ  |b 068952 
922 |a 4ΕΛΗ  |b 199909  |c ΚΠΣ/154  |d GLORY BOOKS 
970 |a ΧΟΡΟΖΙΔΟΥ  |b ΤΖΕΝΗ  |z 1999/12/07